|
|
|
|
| LEADER |
01096nam a22002537a 4500 |
| 001 |
40203 |
| 003 |
BD-DhAAL |
| 008 |
221218t2008 bg 000 0 ben d |
| 999 |
|
|
|c 45201
|d 45201
|
| 020 |
|
|
|a 9847015600297
|
| 040 |
|
|
|a BD-DhAAL
|c BD-DhAAL
|
| 082 |
|
|
|a 338.9095492
|2 23
|
| 100 |
|
|
|a রশীদ, মামুন
|9 52986
|
| 245 |
1 |
0 |
|a বাংলাদেশ স্বপ্ন দ্যাখে /
|c মামুন রশীদ
|
| 246 |
|
|
|a Bangladesh swapno dekhe (a collection of articles)
|
| 260 |
|
|
|c ঢাকা :
|a মাওলা ব্রাদার্স,
|b ২০০৮.
|
| 300 |
|
|
|a ১৯২ পৃষ্ঠা ;
|c ২২ সে.মি.
|
| 541 |
|
|
|a Donated By Akbar Ali Khan
|e 40203
|
| 650 |
|
|
|a Economic development.
|9 52987
|
| 650 |
|
|
|a Economic development
|z Bangladesh.
|9 52988
|
| 651 |
|
|
|a Bangladesh
|x Economic policy.
|9 52989
|
| 852 |
|
|
|a Ayesha Abed Library
|c Akbar Ali Khan Collection
|
| 942 |
|
|
|2 ddc
|c BK
|
| 952 |
|
|
|0 0
|1 0
|2 ddc
|4 0
|6 338_909549200000000_RAS
|7 1
|9 72519
|a BRACUL
|b BRACUL
|c AAKC
|d 2022-12-18
|g 300.00
|l 0
|o 338.9095492 RAS
|p 3010040203
|r 2022-12-18
|t 1
|w 2022-12-18
|y BK
|